Rada priateľovi, ktorého ohovárajú

Podrobná bibliografia
Hlavný autor: Feldek, Ľubomír, 1936- (Autor)
Médium: Článok
Jazyk:slovenčina
Predmet:

MARC

LEADER 00000nab a2200000 a 4500
001 vtls000301809
003 SK-MaSNL
005 20260305000942.0
008 111201c1987 xo 0 slo
015 |a SNBRB19rr/mm-uuuuu 
035 |a CL0311928 
040 |a SNKBUCL  |b slo  |c SNKBUCL  |e AACR2 
041 0 |a slo 
044 |a xo  |c SK 
080 |a 885.4-1  |2 1981 
100 1 |a Feldek, Ľubomír,  |d 1936-  |4 aut  |9 89477 
245 1 0 |a Rada priateľovi, ktorého ohovárajú  |c Ľubomír Feldek 
650 0 7 |a básne satirické  |2 snkbucl  |9 898428 
655 7 |a články z novín a časopisov  |2 snkbucl  |9 267496 
655 7 |a články z odboru literárna veda a krásna literatúra  |2 snkbucl  |9 770045 
773 0 |t Práca  |g Roč. 42, č. 307 (31. 12. 1987), s. /8/ 
850 |a Slovenská národná knižnica v Martine  |a MTA001 
852 |a SNK  |b KIS3GCP 
958 |a RK 
958 |a LX 
992 |a RBX 
999 |c 3216413  |d 3218343